|
|
|
|
| LEADER |
00000nab a2200000 a 4500 |
| 001 |
vtls000922383 |
| 003 |
SK-MaSNL |
| 005 |
20260303034617.0 |
| 008 |
190318e19970728xo 0 slo |
| 035 |
|
|
|a KE31260
|
| 040 |
|
|
|a KEVKJB
|b slo
|c KEVKJB
|e AACR2
|
| 041 |
0 |
|
|a slo
|
| 044 |
|
|
|a xo
|c SK
|
| 080 |
|
|
|a 797.176
|2 1981
|
| 245 |
0 |
0 |
|a Machovej rekord
|
| 518 |
|
|
|a 1997
|
| 611 |
1 |
7 |
|a majstrovstvá Slovenska
|2 KEVKJB
|9 873318
|
| 650 |
0 |
7 |
|a vodné lyžovanie
|2 KEVKJB
|9 29925
|
| 650 |
0 |
7 |
|a výsledky
|2 KEVKJB
|9 493505
|
| 651 |
|
7 |
|a Košice (Slovensko)
|2 KEVKJB
|9 18694
|
| 651 |
|
7 |
|a KE,
|2 KEVKJB
|9 877256
|
| 655 |
|
7 |
|a periodikum
|2 snkbucl
|9 29553
|
| 773 |
0 |
8 |
|t Šport
|g Roč. 51
|g Roč. 20, č.172, 28.7.1997, s. 5
|
| 852 |
|
|
|a ZVYKNI
|b KIS3GCP
|
| 999 |
|
|
|c 1674155
|d 1676085
|